000 01199nam2a2200205 4500
001 RU\NLR\PER_A\012308854_000490
005 20260409004231.0
035 _a(NLR Aleph) 022775717
090 _a13652652
_c13652652
100 _a20260403d2026 u y0rusy50 ca
101 0 _arus
102 _aRU
200 0 _a2026, № 1 (26)
210 _d2026
461 0 _1001RU\NLR\BIBL_A\012308854
_12001#$aФитосанитария. Карантин растений$dPlant health and quarantine$eрусско-английский научный журнал$fФедерал. служба по ветеринар. и фитосанитар. надзору (Россельхознадзор)$zeng$v2026, № 1 (26)
_911360395
_cр. п. Быково, Московская обл.
_d2020 -
_fФедерал. служба по ветеринар. и фитосанитар. надзору (Россельхознадзор)
_lPlant health and quarantine
_nВейнард
_oрусско-английский научный журнал
_tФитосанитария. Карантин растений
_x2782-327X
_v2026, № 1 (26)
852 _aNLR
_jП14/1387
942 _cISSUE
980 _aRUSPER
980 _aNB